| 000 | 00867nam a22002537a 4500 | ||
|---|---|---|---|
| 003 | DO-SdBNP | ||
| 005 | 20240510073820.0 | ||
| 007 | ta | ||
| 008 | 210303b 2020 dr ac||||| |||| 00| 0 eng d | ||
| 020 | _a9789945912289 | ||
| 040 |
_aDO-SdBNP _bspa _cBNPHU |
||
| 082 | 4 |
_a248.4 _bT683c _222 |
|
| 100 | 1 |
_aToribio, David, _977992 |
|
| 245 | 1 | 0 |
_aCultivando la humildad / _cDavid Antonio Toribio Sánchez ; prólogo Miguel Feliz Gómez. |
| 260 |
_aSanto Domingo : _bPublicaciones Libertad, _c2020. |
||
| 300 |
_a103 p. : _bil., retrs. ; _c21 cm. |
||
| 500 | _aIncluye datos biográficos del autor en la contracubierta. | ||
| 590 | _aInventariado, 2021 /LP | ||
| 650 | 0 |
_aVida cristiana _9668 |
|
| 650 | 4 |
_aÉtica espiritual _980334 |
|
| 700 | 1 |
_aFeliz Gómez, Miguel, _epról. _977993 |
|
| 910 | _aLopérez/Validado. Control de calidad MFF | ||
| 942 |
_2ddc _cLBS1 |
||
| 999 |
_c49485 _d49485 |
||